Common Knowledge #15 - Statistics

General Stats
  • This quiz has been taken 1,233 times
  • The average score is 14 of 20
Answer Stats
Hint Answer % Correct
A leap year happens every how many years? 4
99%
What was the first animal in space? Dog
96%
What is the first state alphabetically? Alabama
92%
What day is Easter always on? Sunday
92%
What does French word "merci" translate to in English? Thank you
91%
What Italian city is famous for its system of canals? Venice
81%
What’s the largest mammal in the ocean? Blue Whale
80%
Which US President gave his name to the Teddy Bear? Theodore Roosevelt
79%
A person with diabetes produces an insufficient amount of what in the body? Insulin
78%
What type of race is the Tour de France? Bicycle race
77%
Which gas forms 80% of Earth’s atmosphere? Nitrogen
70%
Who has the nickname "CR7"? Critiano Ronaldo
69%
Which horoscope sign is a fish? Pisces
66%
Which is the only edible food that never goes bad? Honey
58%
Where was the first example of paper money used? China
53%
In the 5,000 years of human history, what is the one disease that has been completely eradicated? Smallpox
52%
Where can you find The Niagara Falls New York
49%
What is the strongest muscle in the human body? Jaw
31%
What is the name of the first human civilization? Mesopotamia
31%
In which winter sport are the terms “stale fish” and “mule kick” used? Snowboarding
24%
No matching quizzes found
Score Distribution
Percent of People with Each Score
Percentile by Number Answered
Your Score History
You have not taken this quiz